Pays Aléatoire par Dirigeant - Statistiques

Statistiques générales
  • Ce quiz a été pris 153 fois
  • Le résultat moyen est 7 sur 15
Statistiques - réponses
Chef du gouvernement Pays % Correct
Angela Merkel Allemagne
100%
Kim Jong-un Corée du Nord
100%
Emmanuel Macron France
100%
Benjamin Netanyahu Israël
100%
Vladimir Poutine Russie
100%
Shinzō Abe Japon
89%
Pape François Vatican
89%
Boris Johnson Royaume-Uni
88%
Donald Trump Etats-Unis
86%
Justin Trudeau Canada
83%
Jair Bolsonaro Brésil
82%
Recep Tayyip Erdoğan Turquie
80%
Nguyễn Phú Trọng Viêt Nam
63%
Giuseppe Conte Italie
56%
Pedro Sánchez Espagne
50%
Ali Khamenei Iran
50%
António Costa Portugal
50%
Alberto Fernández Argentine
44%
Sebastián Piñera Chili
44%
Aung San Suu Kyi Birmanie
40%
Mette Frederiksen Danemark
40%
Uhuru Kenyatta Kenya
40%
Andrés Manuel López Obrador Mexique
36%
Ashraf Ghani Afghanistan
33%
Sophie Wilmès Belgique
33%
Narendra Modi Inde
33%
KP Sharma Oli Népal
33%
Mateusz Morawiecki Pologne
33%
Lee Hsien Loong Singapour
33%
Sebastian Kurz Autriche
30%
Rodrigo Duterte Philippines
29%
Cyril Ramaphosa Afrique du Sud
22%
Lotay Tshering Bhoutan
22%
Sanna Marin Finlande
20%
Miguel Díaz-Canel Cuba
17%
Ukhnaagiin Khürelsükh Mongolie
14%
Imran Khan Pakistan
14%
Scott Morrison Australie
11%
Sheikh Hasina Bangladesh
11%
Leo Varadkar Irlande
11%
Moustafa Madbouly Égypte
0%
Abiy Ahmed Éthiopie
0%
Muhyiddin Yassin Malaisie
0%
Muhammadu Buhari Nigeria
0%
James Marape Papouasie-Nouvelle- Guinée
0%
Mahinda Rajapaksa Sri Lanka
0%
Aucun quiz correspondant
Distribution des résultats
% des personnes avec chaque résultat
Percentile par nombre de réponses
Votre historique - résultats
Vous n’avez pas pris ce quiz